| 000 | 00584nam a22002177a 4500 | ||
|---|---|---|---|
| 005 | 20170124110121.0 | ||
| 010 | _aA-486092 | ||
| 020 | _c00.00 | ||
| 035 | _aA-486092 | ||
| 037 | _bCen Lib/Ret | ||
| 040 |
_aDPL _bEN |
||
| 082 |
_aS _bBHA |
||
| 100 |
_aBhatt, Kavery _930643 |
||
| 245 |
_aThe truth (almost) about Bharat / _cby Kavery Bhatt |
||
| 260 |
_bPenguin Books _aNew Delhi _c1991 |
||
| 270 |
_bNew Delhi _aB4/246 Safdarjung Enclave _e110029 |
||
| 300 |
_a142p. _c20cm(Hb) |
||
| 650 |
_aIndia -- Fiction _930644 |
||
| 650 |
_aFiction _98901 |
||
| 942 |
_2ddc _cEN _hS _mBHA |
||
| 999 |
_c131039 _d131039 |
||